Zmeny v korporátnom práve vyplývajúce z novely Obchodného zákonníka
Zákon č. 87/2015 Z. z., ktorým sa mení a dopĺňa zákon č. 513/1991 Zb. Obchodný zákonník v znení neskorších predpisov, a ktorým sa menia a dopĺňajú niektoré zákony. Novela výrazným spôsobom zasiahne do korporátneho práva na Slovensku.
Guardado en:
| Autor principal: | |
|---|---|
| Formato: | Capítulo de libro |
| Lenguaje: | eslovaco |
| Materias: | |
| Etiquetas: |
Sin Etiquetas, Sea el primero en etiquetar este registro!
|
MARC
| LEADER | 00000naa a2200000 4500 | ||
|---|---|---|---|
| 001 | 0213219 | ||
| 005 | 20221104111449.8 | ||
| 041 | 0 | |a slo | |
| 044 | |a SK | ||
| 245 | 1 | 0 | |a Zmeny v korporátnom práve vyplývajúce z novely Obchodného zákonníka |c Jana Pagáčová |
| 520 | |a Zákon č. 87/2015 Z. z., ktorým sa mení a dopĺňa zákon č. 513/1991 Zb. Obchodný zákonník v znení neskorších predpisov, a ktorým sa menia a dopĺňajú niektoré zákony. Novela výrazným spôsobom zasiahne do korporátneho práva na Slovensku. | ||
| 610 | 2 | 0 | |a novelizácia |
| 610 | 2 | 0 | |a zákony |
| 610 | 2 | 0 | |a zákonník obchodný |
| 610 | 2 | 0 | |a právo obchodné |
| 610 | 2 | 0 | |a spoločníci |
| 610 | 2 | 0 | |a zabezpečenie záväzkov |
| 610 | 2 | 0 | |a zmluvy |
| 610 | 2 | 0 | |a korporácie |
| 610 | 2 | 0 | |a Slovensko |
| 100 | 1 | |a Pagáčová, Jana | |